Geografía de España / (Registro nro. 127856)
[ vista simple ]
| 000 -LEADER | |
|---|---|
| campo de control de longitud fija | 00526nam a2200169 4500 |
| 001 - NÚMERO DE CONTROL | |
| campo de control | 127856 |
| 003 - IDENTIFICADOR DE NÚMERO DE CONTROL | |
| campo de control | ES-MaACL |
| 005 - FECHA Y HORA DE LA ÚLTIMA TRANSACCIÓN | |
| campo de control | 20230906193113.0 |
| 007 - CAMPO FIJO DE DESCRIPCIÓN FÍSICA--INFORMACIÓN GENERAL | |
| campo de control de longitud fija | t| |
| 008 - DATOS DE LONGITUD FIJA--INFORMACIÓN GENERAL | |
| campo de control de longitud fija | 070214s1945 sp r ||||1| spa d |
| 100 1# - ENTRADA PRINCIPAL--NOMBRE DE PERSONA | |
| Nombre de persona | Rivera, Abelardo. |
| 9 (RLIN) | 97605 |
| 245 10 - MENCIÓN DEL TÍTULO | |
| Título | Geografía de España / |
| Mención de responsabilidad, etc. | Abelardo Rivera. |
| 260 ## - PUBLICACIÓN, DISTRIBUCIÓN, ETC. | |
| Lugar de publicación, distribución, etc. | Madrid : |
| Nombre del editor, distribuidor, etc. | Junta de Profesores de la Academia de Soto Hidalgo, |
| Fecha de publicación, distribución, etc. | 1945. |
| 300 ## - DESCRIPCIÓN FÍSICA | |
| Extensión | 610 p., 32 lám. ; |
| Dimensiones | 24 cm. |
| 710 2# - ENTRADA AGREGADA--NOMBRE DE ENTIDAD CORPORATIVA | |
| Nombre de entidad corporativa o nombre de jurisdicción como elemento de entrada | Academia Soto Hidalgo. |
| Unidad subordinada | Junta de Profesores. |
| 9 (RLIN) | 1221 |
| 852 ## - LOCALIZACIÓN | |
| Ubicación | ES-MaACL |
| Número de control de estantería | C-4652 |
| Estatus retirado | Estado de pérdida | Estado de daño | No para préstamo | Biblioteca de origen | Biblioteca actual | Ubicación en estantería | Fecha de adquisición | Fuente de adquisición | Total de préstamos | Signatura topográfica completa | Código de barras | Visto por última vez | Precio de reemplazo | Tipo de ítem Koha |
|---|---|---|---|---|---|---|---|---|---|---|---|---|---|---|
| Biblioteca del Ateneo de Madrid | Biblioteca del Ateneo de Madrid | Sala Palomar | 17/01/2008 | C-4652 | 1133168 | 23/02/2023 | 23/02/2023 | Libro impreso |
